Diagnóstico y plan preventivo de Higiene y Seguridad del Trabajo en la empresa de servicios de encomiendas Rápides S.A, SER localizada en la ciudad de Managua.
Presenta un diagnóstico y plan preventivo de Higiene y Seguridad del Trabajo en el cual se presentan un conjunto de medidas para controlar los accidentes y enfermedades profesionales que pudieran provocarse debido a los diferentes riesgos presentes en la empresa.
| Main Author: | |
|---|---|
| Other Authors: | |
| Format: | Tesis Section = Libro |
| Language: | Undetermined Spanish |
| Published: |
Managua
UNI
2011
|
| Subjects: |
| LEADER | 01121nam a2200241Ia 4500 | ||
|---|---|---|---|
| 008 | 240830s9999 xx 000 0 und d | ||
| 040 | |a BIBLIOTECA-RUPAP Mon 363.11 R672 | ||
| 041 | |a spa | ||
| 082 | |a Mon 363.11 R672 | ||
| 100 | 1 | |a Rocha Ramírez, María Teresa | |
| 245 | 1 | 0 | |a Diagnóstico y plan preventivo de Higiene y Seguridad del Trabajo en la empresa de servicios de encomiendas Rápides S.A, SER localizada en la ciudad de Managua. |
| 260 | |a Managua |b UNI |c 2011 | ||
| 300 | |a 210 p. :il. | ||
| 500 | |a Contiene: anexos e Incluye: CD. | ||
| 502 | |a Tesis (Ingeniero Industrial)- UNI, 2011. | ||
| 520 | 3 | |a Presenta un diagnóstico y plan preventivo de Higiene y Seguridad del Trabajo en el cual se presentan un conjunto de medidas para controlar los accidentes y enfermedades profesionales que pudieran provocarse debido a los diferentes riesgos presentes en la empresa. | |
| 650 | 7 | |a RIESGOS OCUPACIONALES E INDUSTRIALES | |
| 650 | 7 | |b SEGURIDAD INDUSTRIAL | |
| 650 | 7 | |c PREVENCION DE ACCIDENTES | |
| 700 | 1 | |a Tutor: |b Gutiérrez Martínez, Marbel Evaristo | |
| 942 | |c BK |2 ddc | ||
| 991 | |a TESIS | ||
| 999 | |c 15493 | ||